Market driven extension approach in commodity crops development programmes (Record no. 52593)

MARC details
000 -LEADER
fixed length control field 00553nam a2200157Ia 4500
100 ## - MAIN ENTRY--AUTHOR NAME
Personal name Krishnakumar A.K.
245 #0 - TITLE STATEMENT
Title Market driven extension approach in commodity crops development programmes
260 ## - PUBLICATION, DISTRIBUTION, ETC. (IMPRINT)
Name of publisher Placrosym XVI, 2004, Kasaragod, India. Journal of Plantation Crops, 32(Supplement): 454-458.
Year of publication 2004
650 ## - SUBJECT ADDED ENTRY--TOPICAL TERM
Topical Term Agribusiness consortium
650 ## - SUBJECT ADDED ENTRY--TOPICAL TERM
Topical Term Development scheme
650 ## - SUBJECT ADDED ENTRY--TOPICAL TERM
Topical Term Extension
650 ## - SUBJECT ADDED ENTRY--TOPICAL TERM
Topical Term Human resource development
650 ## - SUBJECT ADDED ENTRY--TOPICAL TERM
Topical Term Rubber producers' society
942 ## - ADDED ENTRY ELEMENTS (KOHA)
Koha item type Bibliography STAF
Holdings
Withdrawn status Lost status Damaged status Not for loan Home library Current library Date acquired Koha item type
      Bibliography RRII Library RRII Library 09/04/2014 Bibliography STAF